An introduction to teaching (Record no. 6059)

MARC details
000 -LEADER
fixed length control field 00784 a2200217 4500
005 - DATE AND TIME OF LATEST TRANSACTION
control field 20080825115818.0
008 - FIXED-LENGTH DATA ELEMENTS--GENERAL INFORMATION
fixed length control field 080825t xxu||||| |||| 00| 0 eng d
010 ## - LIBRARY OF CONGRESS CONTROL NUMBER
LC control number ENG-87107
020 ## - INTERNATIONAL STANDARD BOOK NUMBER
International Standard Book Number 8189412124
Terms of availability 250.00
035 ## - SYSTEM CONTROL NUMBER
System control number EN-70640
037 ## - SOURCE OF ACQUISITION
Source of stock number/acquisition DBAD / PUB
040 ## - CATALOGING SOURCE
Original cataloging agency dpl
082 ## - DEWEY DECIMAL CLASSIFICATION NUMBER
Classification number 371.102
100 ## - MAIN ENTRY--PERSONAL NAME
Personal name Sharma, S.R.
245 ## - TITLE STATEMENT
Title An introduction to teaching
Statement of responsibility, etc by S.R. Sharma
260 ## - PUBLICATION, DISTRIBUTION, ETC. (IMPRINT)
Place of publication, distribution, etc Delhi
Name of publisher, distributor, etc Avishkar Prakashan
Date of publication, distribution, etc 2007
270 ## - ADDRESS
Address L-20/13 , Street No.5, Shivaji Marg, Kartar Nagar,
City Delhi
Postal code 110 053
300 ## - PHYSICAL DESCRIPTION
Extent 312p.
Dimensions 21cm (Hb )
942 ## - ADDED ENTRY ELEMENTS (KOHA)
Institution code [OBSOLETE] dpl
Koha item type English Books
Call number prefix 371.102 / SHA
Source of classification or shelving scheme Dewey Decimal Classification
Classification part 371.102
Call number suffix SHA
Holdings
Withdrawn status Lost status Damaged status Not for loan Home library Current library Date acquired Cost, normal purchase price Total Checkouts Full call number Barcode Date last seen Copy number Uniform Resource Identifier Cost, replacement price Price effective from Koha item type
        D.B.Act.Division D.B.Act.Division 25/08/2008 250.00   371.102 SHA EN-70640 15/09/2008 1 8164 250.00 15/09/2008 English Books

© Delhi Public Library
Hit Counter
free hit counter